| 000 | 00848nam a2200241 a 4500 | ||
|---|---|---|---|
| 001 | 000024542 | ||
| 005 | 20200930023228.0 | ||
| 008 | 110131s1983 sp r 001 0 spa d | ||
| 020 | _a842760601x | ||
| 040 | _aDO-SdBNP | ||
| 082 |
_ann* _bnn* |
||
| 100 | 1 |
_aKant, Immanuel. _914886 |
|
| 245 | 1 | 0 |
_aTransición de los principios matafísicos de la ciencia natural a la física / _cImmanuel Kant ; edición Félix Duque. |
| 260 |
_aMadrid : _bNacional, _c1983. |
||
| 300 |
_a769 p. ; _c21 cm. |
||
| 490 | 1 |
_aClásicos para una biblioteca contemporanea. _v21 |
|
| 500 | _aIncluye referencias bibliográficas y notas al pie de las páginas. | ||
| 500 | _aIncluye índice de autores. | ||
| 500 | _a"Opus postumum". | ||
| 700 | 1 |
_aDuque, Félix, _eed. _950300 |
|
| 830 | 0 |
_aClásicos para una biblioteca contemporanea _v21 _948480 |
|
| 049 | _aBNGR | ||
| 999 |
_c24035 _d24035 |
||